1468 1055 1690 1497 1400 1721 1361 1845 1586 1976 1734 1197 1151 1243 1118 1291 1888 1175 1185 1744 1500 1167 1064 1134 1077 1465 1788 1468 1654 1215 1818 1358 1855 1283 1205 1626 1493 1567 1805 1206 1811 1693 1333 1538 1873 1759 1261 1396 1649 1155 1708 1560 1574 1757 1829 1260 1635 1238 1114 1955 1530 1679 1829 1907 1755 1332 1843 1662 1018 1796 1383 1486 1009 1986 1500 1112 1652 1822 1866 1958 1791 1082 1181 1050 1164 1046 1902 1564 1256 1035 1488 1787 1940 1621 1336 1425 1869 1761 1252 BCNSPRNW ULIB Ver.6.0+V

เปลี่ยนเป็นภาษาไทย

Change to English
 แสดงรายละเอียดบรรณานุกรม
  กลับหน้าหลัก

Brief Record : Get Marc (ISO 2709) : E-mail record : QR code < ปิดหน้าต่าง
LEADER : 00000nam 2200000uu 4500
001    13399127993
003     ULIB
008    020711s2564 th a 000 0 tha d
020    ^a9786164435421
060    ^aWT155^bว837ก
100    ^aวีรศักดิ์ เมืองไพศาล
245    ^aการรู้คิดบกพร่องเล็กน้อย:การป้องกันการถดถอยและกิจกรรมกระตุ้นสมอง
250    ^aพิมพ์ครั้งที่ 1
260    สมุทรปราการ :^bห้างหุ้นส่วนจำกัด เนคสเตป ดีไซน์,^c2564
300    ^a14 หน้า;^b19 ซม.
650    ^aผู้สูงอายุ^xกิจกรรมกระตุ้นสมอง
945    ^p0^l0^i008580
999    ^aประนอม เกษจรัล
รายการนี้ยังไม่มีแท็ก
คุณยังไม่ได้ล็อกอิน คุณสามารถมีกิจกรรมร่วมกับเว็บไซต์ได้ แต่ต้องล็อกอินก่อน ::
  ล็อกอิน

รายการสื่อสารสนเทศ

ลำดับที่ ประเภท เลขเรียก/บาร์โค้ด สถานที่ สถานะ
1. วิทยาศาสตร์การแพทย์ และสุขภาพ
หนังสือสำรอง
สถานะ=หนังสือสำรอง
WT155 ว837ก ฉ.1 
  Barcode: 008580
ห้องสมุดวิทยาเขตสวรรค์ประชารักษ์
►หนังสือทั่วไป
บนชั้น

รายการใกล้เคียง
    ผู้แต่ง [วีรศักดิ์ เมืองไพศาล]

BibComment


ยังไม่เคยถูกคอมเมนท์

คอมเมนท์ทรัพยากรรายการนี้
  คอมเมนท์: การรู้คิดบกพร่อง..


 Copyright 2026. Bcnsprnw @Library